Normal view
MARC view
Entry Topical Term
001 - CONTROL NUMBER
- control field: 18186
003 - CONTROL NUMBER IDENTIFIER
- control field: OSt
005 - DATE AND TIME OF LATEST TRANSACTION
- control field: 20260122040908.0
008 - FIXED-LENGTH DATA ELEMENTS
- fixed length control field: 260122|| aca||aabn | a|a d
040 ## - CATALOGING SOURCE
- Original cataloging agency: OSt
- Transcribing agency: OSt
150 ## - HEADING--TOPICAL TERM
- Topical term or geographic name entry element: Employee attitudes -- Philippines -- Cavite
670 ## - SOURCE DATA FOUND
- Source citation: Work cat.: (OSt): Calim, Erica O., author. 18183, Assessing the organizational climate of retails stores in selected areas of Cavite : focus on employees' perspectives /, 2023.
